|
|
|
|
| LEADER |
01426cam a22003011 4500 |
| 001 |
3117269 |
| 003 |
GR-PaULI |
| 005 |
20210117210945.0 |
| 008 |
740610s1967 ne 000 0 eng |
| 952 |
|
|
|0 0
|1 0
|2 ddc
|4 0
|6 Π_Σ_511_300000000000000_KRE
|7 0
|8 NFIC
|9 234866
|a LISP
|b LISP
|c REF
|d 2019-09-06
|i 041178
|l 0
|o Π/Σ 511.3 KRE
|p 025000038642
|r 2019-09-06 00:00:00
|t 1
|v 2019.00
|w 2019-09-06
|y BK15
|
| 999 |
|
|
|c 142366
|d 142366
|
| 010 |
|
|
|a 67020006
|
| 040 |
|
|
|a DLC
|c GR-PaULI
|d
|b gre
|e AACR2
|
| 041 |
1 |
|
|a eng
|h und
|
| 082 |
0 |
4 |
|a 511.3
|2 23
|
| 100 |
1 |
|
|a Kreisel, Georg
|9 177716
|e συγγραφέας.
|
| 240 |
1 |
0 |
|a Eléments de logique mathématique, theorie des modéles.
|l Αγγλικά.
|
| 245 |
1 |
0 |
|a Elements of mathematical logic :
|b (model theory) /
|c G. Kreisel and J. L. Krivine.
|
| 260 |
|
|
|a Amsterdam :
|b North Holland,
|c 1967.
|
| 300 |
|
|
|a xi, 222 σ. ;
|c 24 εκ.
|
| 490 |
1 |
|
|a Studies in logic and the foundations of mathematics
|
| 500 |
|
|
|a Τίτλος πρωτοτύπου : Eléments de logique mathématique, theorie des modéles.
|
| 650 |
|
4 |
|a Λογική, Συμβολική και μαθηματική
|9 472
|
| 700 |
1 |
|
|a Krivine, J. L.
|q (Jean Louis)
|e συγγραφέας.
|9 177717
|
| 765 |
|
|
|i Μετάφραση του :
|t Eléments de logique mathématique, theorie des modéles.
|
| 830 |
|
0 |
|9 172249
|a Studies in logic and the foundations of mathematics
|
| 942 |
|
|
|2 ddc
|c BKN
|
| 998 |
|
|
|c ΜΠΟΥΡΑΣ
|d 2019-09
|